000
00310nam a22001217a 4500
008
170817b xxu||||| |||| 00| 0 eng d
041
_a
eng
080
_a
51
100
_a
36
101
_a
MAT
245
_a
BRIEF CALCULUS FOR MANAGEMENT AND THE LIFE AND SOCIAL SCIENCES
_c
STANCI.S
942
_2
udc
_c
BK
999
_c
24010
_d
24010